LEADER 00838nam2 22002412 450 001 000002333 005 20220621150418.0 100 $a20010103d1973----km-y0itay50------ba 101 0 $aita 102 $aIT 200 1 $a<>correnti alternate$fGiulio Battistini 210 $aPisa$cEditore Colombo Cursi$d1973c 215 $aVol. 2, parte 1.: X, 455 p.$cill.$d26 cm 306 $aLa data di pubblicazione del volume 2, parte 1 è posteriore a quella del volume 2, parte 2. 461 1$1001000002331$12001$aLezioni di elettrotecnica generale$vVolume 2, parte 1 610 1 $aElettrotecnica 676 $a621.3 700 1$aBattistini,$bGiulio$0535274 801 0$aIT$bUNIPARTHENOPE$gRICA$2UNIMARC 912 $a000002333 951 $cPIST$aP1 621-L/1/II/ A$b19024$d20010104 996 $aCorrenti alternate$91223928 997 $aUNIPARTHENOPE